000 01173nam a2200277 i 4500
001 bg
245 0 0 _aOchrona dziko żyjących zwierząt przy inwestycjach drogowych w Polsce /
_c[red. Rafał T. Kurek].
260 _aBystra :
_bStowarzyszenie Pracownia na rzecz Wszystkich Istot,
_c[2007].
300 _a103, [1] s. :
_bil. (w tym kolor.) ;
_c22 cm.
500 _aMateriały konferencji naukowej pt.: "Ochrona dziko żyjących zwierząt przy inwestycjach liniowych (drogi i linie kolejowe) w Polsce", Łagów 24-26.09.2007.
504 _aBibliogr. s. 103-[104].
650 9 _aZwierzęta
_xochrona
_zPolska
650 9 _aDrogi
_xbudownictwo
_xwpływ na środowisko
650 9 _aKrajobraz
_xochrona
_zPolska
655 _aMateriały konferencyjne
710 1 _aKurek, Rafał T.
_dRed.
711 2 _aKonferencja naukowa pt.: "Ochrona dziko żyjących zwierząt przy inwestycjach liniowych (drogi i linie kolejowe) w Polsce
_d(2007 ;
_cŁagów).
020 _a8391987973
040 _cBPK
041 _apol
044 _aPOL
080 _a502.211:504.61:591.5:625](438)(061)
920 _a83-979879-7-3
942 _cKS
008 s pl f |000 0 pol
999 _c55493
_d55493
856 _uhttp://koha.tu.koszalin.pl/cgi-bin/koha/opac-detail.pl?biblionumber=55493
_yKatalog online BPK